Library Banner

پنجاب کی ثقافت (Record no. 75080)

MARC details
000 -LEADER
fixed length control field 00399nam a22001457a 4500
005 - DATE AND TIME OF LATEST TRANSACTION
control field 20150827101405.0
008 - FIXED-LENGTH DATA ELEMENTS--GENERAL INFORMATION
fixed length control field 150827b xxu||||| |||| 00| 0 eng d
040 ## - CATALOGING SOURCE
Transcribing agency PK-LaUMT
082 ## - DEWEY DECIMAL CLASSIFICATION NUMBER
Classification number KHC 306.0954914
Item number ABI-P
100 ## - MAIN ENTRY--PERSONAL NAME
Personal name عابد کمالوی
245 ## - TITLE STATEMENT
Title پنجاب کی ثقافت
Statement of responsibility, etc عابد کمالوی
260 ## - PUBLICATION, DISTRIBUTION, ETC. (IMPRINT)
Place of publication, distribution, etc ملتان
Name of publisher, distributor, etc بزم ثقافت
Date of publication, distribution, etc 2007
300 ## - PHYSICAL DESCRIPTION
Extent 112 ص
942 ## - ADDED ENTRY ELEMENTS (KOHA)
Koha item type Books
Holdings
Withdrawn status Lost status Damaged status Home library Current library Date acquired Full call number Barcode Date last seen Price effective from Koha item type
      UMT Main Campus UMT Main Campus 2015-08-27 KHC 306.0954914 ABI-P 72402 2015-08-27 2015-08-27 Books